00520nam a2200181 a 4500001001300000003000900013005001700022008004100039020002300080082001900103100001500122245007700137260004100214300000900255500003500264505001000299650002900309nice12345678IN_TiNIC20260116013910.0050524s1993 newa grp 000 0 eng  a8170366 c25000a305.40954bVYA aVyas, Anju aWomen`s Studies in Indiab Information Sources Services Group Programmes aNew Delhi bSage Publications c1993 a257p aincludes index and biblioraphy2 aIndex aWomen-India-Bibliography